| Tag |
First Indicator |
Second Indicator |
Subfields |
| LEADER |
00000cam a2200000 a 4500 |
| 001 |
in00001402970 |
| 005 |
20151020053110.0 |
| 008 |
960927s1996 sp b 000 0 spa d |
| 020 |
|
|
|a 8477312214 (pbk.)
|
| 035 |
|
|
|a (OCoLC)36157154
|
| 035 |
|
|
|9 AHM7016AM
|
| 040 |
|
|
|a I5B
|c I5B
|d YSM
|d PL#
|d TXA
|d UtOrBLW
|
| 049 |
|
|
|a TXAM
|
| 090 |
|
|
|a PQ6424.Z5
|b M36 1996
|
| 100 |
1 |
|
|a Martínez Conde, Francisco F.
|
| 245 |
1 |
0 |
|a Quevedo y la monarquía :
|b un modelo de Rey /
|c Francisco F. Martínez Conde.
|
| 264 |
|
1 |
|a Madrid :
|b Endymion,
|c [1996]
|
| 300 |
|
|
|a 132 pages ;
|c 20 cm.
|
| 336 |
|
|
|a text
|b txt
|2 rdacontent
|
| 337 |
|
|
|a unmediated
|b n
|2 rdamedia
|
| 338 |
|
|
|a volume
|b nc
|2 rdacarrier
|
| 490 |
1 |
|
|a Ensayo ;
|v 87
|
| 504 |
|
|
|a Includes bibliographical references.
|
| 600 |
1 |
0 |
|a Quevedo, Francisco de,
|d 1580-1645
|x Criticism and interpetation.
|
| 600 |
1 |
0 |
|a Quevedo, Francisco de,
|d 1580-1645
|x Political and social views.
|
| 653 |
|
|
|a Quevedo, Francisco de, 1580-1645. Política de Dios
|a Crítica e interpretación.
|
| 653 |
|
|
|a Rey
|a Literatura española
|a Crítica e interpretación.
|
| 830 |
|
0 |
|a Ensayo (Tabla Rasa Libros y Ediciones) ;
|v 87.
|
| 948 |
|
|
|a c:pk
|
| 999 |
|
|
|a MARS
|
| 999 |
f |
f |
|s 8ae8e9ae-ea73-3934-9fc6-56bd9a401d6e
|i a609843a-6d15-3613-88f6-fe37b9bdcb39
|t 0
|
| 952 |
f |
f |
|p ric
|a Texas A&M University
|b Rellis Campus
|c Joint Library Facility
|d Remote Storage
|t 0
|e PQ6424.Z5 M36 1996
|h Library of Congress classification
|i unmediated -- volume
|m A14822530060
|
| 998 |
f |
f |
|a PQ6424.Z5 M36 1996
|t 0
|l Remote Storage
|